000 00885nam a2200241Ia 4500
003 OSt
005 20220923221243.0
006 a|||||r|||| 00| 0
007 ta
008 220922b |||||||| |||| 00| 0 hin d
024 _a195,972
037 _cTextual
040 _aARTS
_cARTS
_bhin
041 _2hin
_ahin
082 _aP15,Cx1:g, 152L7
100 _aत्रिपाठी, रामदेव
245 0 _aभाषाविज्ञान की भारतीय परम्परा और पाणिण्नि
246 _aBhāṣhāvijnyān kī bhāratīya paramparā aur pāṇiṇni
260 _aपटना
_b बिहार राष्ट्र भाषा परिषद
_c1977
300 _a636पृ.
_ccm.
942 _hP15,Cx1:g, 152L7
_cTEXL
_2CC
999 _c348063
_d348063